00313nam a2200121Ia 4500008004100000082001800041100001900059245003000078250000900108260004700117300001100164650001600175150201s2007 xx 000 0 und d a617.6bB2007B aBEREK,JANATHAN aBEREK & NAVAKS GYNECOLOGY a2007 bLIPPINCOTT PUBLICATIONaPHILADELPHIAc2007 a1-1671 aGYNAECOLOGY